Meditaciones para todos los dias del año que por orden de la Congregación de S. Felipe Neri de Mejico

Detalles Bibliográficos
Autor principal: Gómez Marín, Manuel padre 1761-1850
Formato: Libro
Lenguaje:Spanish
Publicado: Mejico 1835
Materias:
Colección:Banco de datos
Acervo:Biblioteca de la Congregación del Oratorio de San Felipe Neri de México. Iglesia La Profesa
Descripción Física:2 t. 15 cm.
Tema general:Ascética
Notas:Encuadernación en cartón. Daños en la encuadernación
LEADER 00789nam a22001810004500
035 |a 594 
041 0 |a spa 
100 1 |a Gómez Marín, Manuel  |c padre  |d 1761-1850 
245 1 0 |a Meditaciones para todos los dias del año que por orden de la Congregación de S. Felipe Neri de Mejico  |c dispuso el Reverendo Padre Doctor y Maestro D. Manuel Gomez Marín, presbítero de la misma  
260 |a Mejico  |b oficina de Luis Abadiano y Valdés  |c 1835 
300 |a 2 t.  |c 15 cm. 
500 |a Encuadernación en cartón. Daños en la encuadernación 
504 |a Índice de contenido 
650 1 0 |a Ascética 
949 |a Iglesia La Profesa, Biblioteca t. 1 (735) 
942 |c PROFESA 
943 |g Biblioteca de la Congregación del Oratorio de San Felipe Neri de México. Iglesia La Profesa 
999 |c 947405  |d 947405